Artists Beginning With P - Statistics

General Stats
  • This quiz has been taken 295 times
  • The average score is 11 of 22
Answer Stats
Hint Answer % Correct
Purple Rain Prince
95%
So What P!nk
93%
Every Breath You Take The Police
87%
Another Brick in the Wall, Pt. 2 Pink Floyd
86%
Happy Pharrell Williams
82%
In the Air Tonight Phil Collins
76%
West End Girls Pet Shop Boys
56%
I'm Gonna Be (500 Miles) The Proclaimers
54%
Don't Cha The Pussycat Dolls
48%
Band On The Run Paul McCartney
43%
Where Is My Mind? Pixies
43%
Even Flow Pearl Jam
42%
Hey There Delilah Plain White T's
39%
Every Rose Has Its Thorn Poison
39%
Common People Pulp
35%
Because the Night Patti Smith
33%
Fireball Pitbull
33%
Misery Business Paramore
31%
Feel It Still Portugal. The Man
28%
Better Now Post Malone
28%
Harness Your Hopes Pavement
7%
Last Request Paolo Nutini
6%
No matching quizzes found
Score Distribution
Percent of People with Each Score
Percentile by Number Answered
Your Score History
You have not taken this quiz